SDĽ a ZMOS o reforme verejnej správy

Bibliographic Details
Main Author: Kačáni, Dušan (Author)
Format: Article
Language:Slovak
Subjects:

MARC

LEADER 00000nab a2200000 a 4500
001 vtls000718581
003 SK-MaSNL
005 20260303184001.0
008 180206c2000 xo 0 slo
015 |a SNBRB2000/04-10804 
035 |a CLN000070748 
040 |a SNKBUCL  |b slo  |c SNKBUCL  |e AACR2 
041 0 |a slo 
044 |a xo  |c SK 
080 |a 352:061.25(437.6):329.14(437.6)SDĽ  |2 UDC-MRF-SK2 
080 |a 329.14(437.6)SDĽ  |2 UDC-MRF-SK2 
080 |a 352/354(437.6)  |2 UDC-MRF-SK2 
100 1 |a Kačáni, Dušan  |4 aut  |9 839863 
245 1 0 |a SDĽ a ZMOS o reforme verejnej správy  |c Dušan Kačáni 
610 7 |a Združenie miest a obcí Slovenska  |x Strana demokratickej ľavice  |y 2.3.2000  |2 snkbucl  |9 1213655 
610 2 7 |a Strana demokratickej ľavice  |2 snkbucl  |9 165260 
650 0 7 |a správa verejná  |z Slovensko  |x reforma  |2 snkbucl  |9 463276 
655 7 |a články z novín a časopisov  |2 snkbucl  |9 267496 
773 0 |t Obecné noviny  |g Roč. 10, č. 12 (2000), s. 4 
850 |a Slovenská národná knižnica v Martine 
852 |a SNK  |b KIS3GCP 
958 |a RBX 
999 |c 2124115  |d 2126045